00440nam a2200169Ia 4500003000400000005001700004008004100021020001500062040000700077041000800084082001600092100002400108245006800132260003900200300001700239365001400256OSt20230328151628.0210423s2007 xx 000 0 und d a9781256430 cAL aeng a302.23 COOW aCOOMBS (W Timothy). aOngoing crisis communication: planning managing and responding. aNew DelhibSage Publicationsc2007 axiii,209bPB b2172cINR